[Event "84th BRA-ch 2017"]
[Site "Rio de Janeiro"]
[Date "2018.02.07"]
[Round "1.3"]
[White "Proudian, Armen"]
[Black "Martins, Vinicius Tine"]
[Result "1-0"]
[WhiteElo "2423"]
[BlackElo "2287"]
[Annotator "TA"]
[PlyCount "101"]
[EventDate "2018.??.??"]
[EventType "k.o."]
[EventCountry "BRA"]
[SourceTitle "playchess.com"]
[Source "ChessBase"]
[SourceQuality "1"]

{[%evp 10,101,30,-4,3,-25,-24,-22,-11,2,-14,-22,24,12,21,18,8,0,0,-10,-6,-36,-41,-47,-51,-102,-87,-116,-124,-121,-12,-12,20,20,26,25,53,56,62,49,49,41,39,45,45,41,47,36,44,45,39,15,10,0,39,0,65,21,67,58,73,38,91,55,60,51,65,71,62,62,112,59,226,108,112,104,873,116,125,105,276,212,228,239,526,505,797,764,2664,2454,29986,29987,29989,29990]} 1. e4 e5 2. Nf3 Nc6 3. Bb5 Nf6 4. d3 Bc5 5. c3 d5 6. Qe2 {LiveBook: 5 Games. C65: Ruy Lopez: Berlin Defence (3...Nf6), unusual lines and 4 0-0 Bc5} (6. exd5 Qxd5 7. Bc4 Qd6 8. Nbd2 O-O 9. b4 Bb6 10. O-O Bf5 11. Qc2 Rad8 12. a4 a5 13. b5 {0-1 (53) Caruana,F (2799)-Grischuk,A (2782) Saint Louis 2017}) 6... O-O 7. Bg5 dxe4 $1 8. dxe4 {Black has an edge.} a5 $146 ({Find the theoretical novelty and annotate with similar games:} 8... Qe7 9. Nbd2 Nd8 10. b4 Bd6 11. Nc4 Ne6 12. Bd2 a6 13. Nxd6 cxd6 {0-1 (58) Alekseenko,K (2582)-Lysyj,I (2643) St Petersburg 2016}) 9. O-O (9. Nbd2 {NOTEXT} Qe7 10. Ba4 Nd8 11. Nc4 Ne6 12. Bd2) 9... Qe7 10. Nbd2 Nb8 {[%cal Bc6b8,Bb8d7,Bd7f8,Bf8g6,Bg6h4][%mdl 32]} 11. Ba4 c6 12. Rfd1 h6 $36 {[%mdl 2048] Black has the initiative.} 13. Bh4 Nbd7 14. Nf1 Re8 15. Rd2 Nf8 16. Bg3 Ng6 17. Nh4 (17. Bc2 $15) 17... Nxh4 $17 18. Bxh4 {[#]} g5 $1 {White must now prevent ...Bg4.} 19. Bg3 {[#]} Bg4 (19... h5 $1 $17 {And now ...b5 would win.} 20. h3 h4) 20. Qe1 $1 $11 Nh5 21. Bd1 Bxd1 22. Raxd1 Nf6 23. Kh1 Bb6 24. f3 Rad8 25. Rxd8 Rxd8 26. Rxd8+ Bxd8 27. Ne3 Qe6 28. b3 Nh5 29. Qd2 Bc7 30. Qd3 a4 31. c4 axb3 32. axb3 b6 (32... Bb6 $11) 33. Qd2 Kh7 34. Bf2 Ng7 35. h3 f6 (35... Qd6 $14 36. Qc2 Ne6) 36. Kh2 Kg6 37. g4 Qe7 38. b4 Qd8 39. Qa2 Ne6 40. c5 (40. b5 $16) 40... Ng7 $2 ({Better is} 40... Nd4 $14) 41. b5 (41. h4 $18 h5 42. hxg5) 41... cxb5 $16 42. c6 Qd3 $2 {[%mdl 8192]} (42... h5 $16) 43. Qg8 $2 (43. Nd5 $18 {is the precise move to win. White wants to mate with Ne7+.} Qc4 44. Qxc4 bxc4 45. Nxc7) 43... Qd8 44. Qb3 Bd6 $2 (44... Qd2 $16 {was called for.} 45. Kg3 h5) 45. Nd5 Ne6 46. Qxb5 Qa8 $2 (46... Nd4 47. Bxd4 (47. Qxb6 Qxb6 48. Nxb6 Nxc6 $11) 47... exd4+ 48. Kg2 Qe8 49. Nxb6 Kg7) 47. Qxb6 $18 Qa2 (47... Qg8 $142 48. c7 Bxc7) 48. Kg3 Nf4 49. Qd8 {[%cal Rd8g8]} Kg7 50. Qxd6 Ne2+ 51. Kg2 {Precision: White = 35%, Black = 36%.} 1-0

[Event "84th BRA-ch 2017"]
[Site "Rio de Janeiro"]
[Date "2018.02.07"]
[Round "1.3"]
[White "Macedo, Maximo Iack"]
[Black "Toth, Christian Endre"]
[Result "0-1"]
[WhiteElo "2358"]
[BlackElo "2348"]
[Annotator "TA"]
[PlyCount "85"]
[EventDate "2018.??.??"]
[EventType "k.o."]
[EventCountry "BRA"]
[SourceTitle "playchess.com"]
[Source "ChessBase"]
[SourceQuality "1"]

{[%evp 18,85,15,-18,-12,7,39,25,92,65,42,33,54,25,40,44,63,43,52,57,79,53,197,191,192,197,186,184,202,196,219,175,219,208,330,152,226,197,181,178,225,215,222,218,215,133,122,148,166,0,38,38,44,-134,-131,-154,0,-167,-164,-316,-315,-335,-279,-489,-413,-849,-849,-5206,-5180,-29964]} 1. d4 d5 2. c4 e6 3. Nc3 Nf6 4. Nf3 c5 5. e3 Nc6 6. a3 Ne4 7. Bd3 Nxc3 8. bxc3 Be7 9. O-O O-O 10. e4 {LiveBook: 5 Games. D40: Queen's Gambit Declined: Semi-Tarrasch with 5 e3} (10. Bb2 Na5 11. Nd2 dxc4 12. Nxc4 Nxc4 13. Bxc4 b5 14. Be2 Bb7 15. a4 cxd4 16. exd4 b4 17. cxb4 Bxb4 {½-½ (45) Gagunashvili,M (2570)-Mamedyarov,S (2726) Tbilisi 2012}) 10... dxe4 11. Bxe4 Bf6 {[%cal Rc5d4]} 12. Be3 {White is slightly better.} Qa5 $146 (12... Na5 $11) ({Find the theoretical novelty and annotate with similar games:} 12... Na5 13. Qd3 g6 14. Rab1 Bg7 15. Qe2 Qc7 16. Rb5 cxd4 17. cxd4 Qxc4 {½-½ (83) Ibragimov,I (2545)-Dvoirys,S (2570) Elista 1996}) 13. Qc2 h6 14. Rfb1 a6 15. a4 $36 {[%mdl 2048] White has some pressure.} Rd8 {[%cal Rc5d4]} 16. Rd1 Bd7 17. h4 Be8 18. g4 cxd4 19. cxd4 {[%cal Bc3d4,Bd4d5][%mdl 32]} e5 (19... Qc7 $14) 20. d5 $1 $18 {[%cal Rd5c6]} Nd4 21. Nxd4 exd4 22. Bxd4 Bxd4 23. Rxd4 Rac8 24. Qb2 b6 25. g5 Rd6 (25... h5 {might work better.} 26. Bd3 Qc5) 26. Bd3 (26. Bf5 $18 {is more deadly.} Rcd8 27. gxh6 Rxh6 28. Rg4) 26... Qc5 (26... Bd7 $16 27. Rf4 Re8) 27. Rg4 h5 28. Re4 b5 29. axb5 axb5 30. Qe2 Bd7 31. Re1 {White wants to mate with Re8+!} g6 32. Re7 bxc4 {[#]} 33. Be4 $2 ({Only move:} 33. Bxg6 $1 $18 {[%mdl 512]} Rxg6 34. Rxd7) 33... Qd4 34. Qf3 Rf8 35. Qf4 $2 (35. Qa3 $14 Rxd5 36. Bxd5 Qxd5 37. Qc3) 35... Rxd5 $17 36. Qf3 Re5 $2 (36... Rd6 $17 37. Kg2 c3) 37. Rxe5 $2 (37. Qf6 $11 {and White is okay.} Qd2 38. Qxe5 Qxe1+ 39. Kg2) 37... Qxe5 $19 38. Re3 $2 (38. Qd1 Bf5 39. Bxf5 Qxf5 40. Qd4) 38... Bg4 39. Qg2 Rd8 {...Rd1+ is the strong threat.} 40. Bf3 $2 (40. Qh2 Qd4 41. Qc7) 40... Qa1+ 41. Kh2 (41. Qf1 $142 Qxf1+ 42. Kxf1 Bxf3 43. Rxf3) 41... c3 {[%cal Bc4c3,Bc3c2][%mdl 32]} 42. Bxg4 c2 (42... hxg4 $2 43. Qc6 $19) 43. Qc6 {Precision: White = 28%, Black = 36%.} 0-1

[Event "84th BRA-ch 2017"]
[Site "Rio de Janeiro"]
[Date "2018.02.07"]
[Round "1.4"]
[White "Toth, Christian Endre"]
[Black "Macedo, Maximo Iack"]
[Result "1-0"]
[WhiteElo "2348"]
[BlackElo "2358"]
[Annotator "TA"]
[PlyCount "53"]
[EventDate "2018.??.??"]
[EventType "k.o."]
[EventCountry "BRA"]
[SourceTitle "playchess.com"]
[Source "ChessBase"]
[SourceQuality "1"]

{[%evp 16,53,110,101,89,82,93,0,0,0,0,0,0,0,0,0,0,0,0,0,0,0,0,0,0,0,0,0,0,0,0,0,0,0,119,90,670,657,641,639]} 1. d4 d5 2. Bf4 c5 3. e3 Nc6 4. c3 Qb6 5. Qb3 c4 (5... Nf6 6. Nd2 c4 7. Qc2 Nh5 8. Bg5 h6 9. Bh4 g5 10. Be2 Ng7 11. Bg3 Bf5 12. Qc1 e6 {1-0 (41) Carlsen,M (2832)-So,W (2812) Leuven 2017}) 6. Qc2 {D00: 1 d4 d5: Unusual lines} Bf5 7. Qxf5 Qxb2 8. Qxd5 Qxa1 9. Qb5 {LiveBook: 11 Games} a6 10. Qxb7 Nd8 {[#]} 11. Qxa8 ({White should try} 11. Qe4 $1 $16) 11... Qxb1+ $11 12. Ke2 e5 13. Bxe5 {[#]} Qd3+ $146 14. Kf3 Qxf1 15. Bc7 {[%csl Gc7][%cal Ra8d8] [#]} Be7 {aiming for ...Nf6.} 16. Bxd8 Bxd8 17. Qc6+ Ke7 18. Qc5+ Ke8 {Threatens to win with ...Nf6.} 19. Qc6+ Ke7 {[%cal Be8e7,Be7d7,Bd7c7,Bc7c8,Bc8b8][%mdl 32]} 20. Qc5+ Kd7 {...Ne7 is the strong threat.} 21. Qd5+ Kc7 {White must now prevent ...Nf6.} 22. Qe5+ ({Don't blunder} 22. Qxf7+ $2 Ne7 $19) 22... Kc8 {Hoping for ...Nf6.} 23. Qf5+ Kb8 24. Qe5+ Bc7 (24... Kc8 $11 {remains equal.} 25. Qf5+ (25. Qxg7 Qd1+ 26. Ne2 Qxh1 $11) 25... Kb8 26. Qe5+ Kc8) 25. Qxg7 $16 Qd1+ $2 {[%mdl 8192]} (25... Qb1 $16) 26. Ne2 $18 Qxh1 27. Qxh8 1-0

[Event "84th BRA-ch 2017"]
[Site "Rio de Janeiro"]
[Date "2018.02.07"]
[Round "1.4"]
[White "Martins, Vinicius Tine"]
[Black "Proudian, Armen"]
[Result "0-1"]
[WhiteElo "2287"]
[BlackElo "2423"]
[Annotator "TA"]
[PlyCount "38"]
[EventDate "2018.??.??"]
[EventType "k.o."]
[EventCountry "BRA"]
[SourceTitle "playchess.com"]
[Source "ChessBase"]
[SourceQuality "1"]

{[%evp 11,38,7,8,-67,-66,-55,-29,-32,-39,-35,-41,-61,-24,-47,-8,-18,-10,-108,-98,-135,-59,-64,-35,-90,-91,-332,-327,-744,-739]} 1. d4 Nf6 2. c4 e6 3. Nc3 Bb4 4. e3 O-O 5. Nge2 d5 6. a3 Be7 {LiveBook: 1789 Partien} 7. g3 {E46: Nimzoindisch (Rubinstein-System)} (7. cxd5 $11 exd5 8. Nf4) (7. cxd5 exd5 8. Nf4 Re8 9. Bd3 Bd6 10. O-O Bxf4 11. exf4 Nc6 12. Be3 Ne7 13. Qc2 g6 14. f3 Bf5 15. g4 Bxd3 16. Qxd3 {½-½ (48) Caruana,F (2811)-So,W (2792) Wijk aan Zee 2018}) 7... dxc4 $15 8. Bg2 c5 9. Qa4 {Schwarz hat minimalen Vorteil.} Bd7 $146 ({Vorgänger:} 9... Nc6 10. Qxc4 Na5 11. Qa2 c4 12. O-O Nb3 13. Rb1 Rb8 14. e4 b5 {½-½ (42) Wade,R (2365)-Langeweg,K (2425) London 1971}) 10. Qxc4 Bc6 11. e4 Nbd7 (11... b5 $5 12. Nxb5 Nxe4 $15) 12. O-O b5 13. Qd3 b4 $36 {[%mdl 2048] Schwarz steht aktiver.} 14. Nb1 (14. d5 $11 {hält das Gleichgewicht.} exd5 15. Nxd5) 14... cxd4 $17 15. Qxd4 bxa3 (15... Bb5 $17 16. e5 Nd5) 16. Nxa3 $15 e5 17. Qc4 (17. Qd3 $15) 17... Rc8 $17 18. Qa6 $2 {[#]} (18. Qd3 $17) 18... Nc5 $19 (18... Bxe4 $2 19. Rd1 $19) ({Bloß nicht} 18... Nxe4 19. b4 $19) 19. Qxa7 $2 (19. Qc4 Ncxe4 20. Qb3) 19... Ra8 {Precision: Weiß = 15%, Schwarz = 65%.} 0-1

[Event "84th BRA-ch 2017"]
[Site "Rio de Janeiro"]
[Date "2018.02.07"]
[Round "1.4"]
[White "Nery Junior, Jose Antonio"]
[Black "Mecking, Henrique"]
[Result "0-1"]
[WhiteElo "2134"]
[BlackElo "2597"]
[Annotator "TA"]
[PlyCount "62"]
[EventDate "2018.??.??"]
[EventType "k.o."]
[EventCountry "BRA"]
[SourceTitle "playchess.com"]
[Source "ChessBase"]
[SourceQuality "1"]

{[%evp 9,62,0,0,0,12,-100,2,1,2,-5,0,0,0,-44,-22,-177,-152,-202,-199,-230,-230,-243,-227,-229,-176,-170,-142,-308,-287,-277,-243,-269,-271,-271,-266,-282,-279,-330,-310,-388,-381,-394,-385,-376,-391,-374,-358,-511,-502,-557,-563,-746,-732,-773,-768]} 1. e4 c5 2. Nf3 e6 3. Nc3 Nc6 4. g3 d5 5. exd5 exd5 6. Bg2 {B40: Sicilian: 2...e6, Unusual lines} d4 7. Ne4 {[#]} (7. Qe2+ $11 {keeps the balance.} Be7 8. Ne4) (7. Qe2+ Be6 8. Ne4 Be7 9. d3 h6 10. O-O Nf6 11. Nxf6+ Bxf6 12. Bh3 Qd5 13. Bxe6 fxe6 {1-0 (38) Nakamura,H (2787)-Giri,A (2798) Zuerich 2016}) 7... Be7 (7... f5 $1 $17 {[%cal Rf5e4]} 8. Neg5 Qe7+ 9. Kf1 h6) 8. Qe2 $11 {The position is equal.} d3 9. Qxd3 $146 ({Predecessor:} 9. cxd3 Bg4 10. h3 Nd4 11. Qd1 Bxf3 12. Bxf3 Qd7 13. b3 Nxf3+ 14. Qxf3 {½-½ (28) Pekin,T (1928)-Kuuse,K (1995) ICCF email 2016}) 9... Qxd3 10. cxd3 Nf6 11. a3 O-O $36 {[%mdl 3072] Black has compensation. Black is pushing.} 12. Kd1 $2 (12. O-O $11) 12... Rd8 $19 13. Kc2 Bg4 14. Ne1 Nd4+ 15. Kb1 Nb3 16. Ra2 Nxe4 17. Bxe4 Be6 18. Ra1 $2 (18. Ng2 $17) 18... Nxa1 19. Kxa1 Bd5 20. Nc2 {[#]} f5 $1 {[%mdl 512]} 21. Bxd5+ (21. Bxf5 Bxh1) 21... Rxd5 22. Re1 Bf6 23. Re3 Rad8 24. Ne1 Bd4 25. Re2 Re5 26. Rxe5 Bxe5 {KRB-KBN} 27. Kb1 Bd4 28. Ng2 (28. f4 $142) 28... Bxf2 {Black is clearly winning.} 29. Kc2 Bg1 30. Nh4 Bxh2 31. Nxf5 g6 {Precision: White = 30%, Black = 59%.} 0-1